00847pam a2200265 a 4500001000500000005001700005020001500022040002300037050001300060082001300073100001000086245003800096260003600134300004700170505000800217520014700225521002500372521002000397650004200417650004200459650001500501650002100516650002000537650002400557376020260305152119.0 a0439188199 aDLCcDLCdDLCbeng00aQL78.A1500a597.00740 aAliki10aMy visit to the aquarium /cAliki aNew York :bScholastic ; c1993 a33 pages : bcolor illustrations ;c29 cm. aR  aDuring his visit to an aquarium, a boy finds out about the characteristics and environments of many different marine and freshwater creatures. a710 bLexile AD  aR bRaz-Plus  0aPublic aquariumsvJuvenile literature 0aAquatic biologyvJuvenile literature. 1aAquariums. 1aAquatic biology. 1aMarine animals. 1aFreshwater animals.